000 01021nam a22003017a 4500
001 9247
003 FISKH
005 20251204153419.0
008 251204b cb ||||| |||| 00| 0 eng d
020 _a9780517885772
040 _aFISKH
_beng
_cFISKH
_dFISKH
050 _aE185.K5 R56
082 _a323.092
100 _aRinggold​ , Faith
245 _aMy dream of Martin Lutcher king /
_cBy Faith Ringgold
250 _aFirst Edition
260 _aNew York :
_bDragonfly Books,
_c1995 .
300 _a32 unnumbered pages :
_bcolor illustrations ;
_c31 cm .
505 _aZ
520 _aThe author recounts the life of Martin Luther King in the form of her own dream.
521 8 _a990
_bLexile
521 8 _aZ
_bRaz-Plus
650 _aKing , Martin Luther , Jr ., 1929-1968
_vJuvenile Literature
650 _aAfro-Americans-Biography
_vJuvenile Literature
650 _aCivil rights workers-United States - Biography
_vJuvenile Literature
942 _2ddc
_cBK
_n0
999 _c9247
_d9247